Birthplace of US Presidents - Statistics

General Stats
  • This quiz has been taken 21 times
  • The average score is 9 of 46
Answer Stats
Hint Answer % Correct
Barack Obama Honolulu
80%
George W. Bush New Haven
50%
Jimmy Carter Plains
50%
Joe Biden Scranton
50%
Bill Clinton Hope
45%
Richard Nixon Yorba Linda
45%
William Howard Taft Cincinnati
40%
Franklin D. Roosevelt Hyde Park
35%
Gerald Ford Omaha
35%
John Quincy Adams Braintree
30%
John Adams Braintree
30%
John F. Kennedy Brookline
30%
Rutherford B. Hayes Delaware
25%
Donald Trump Queens
25%
Ronald Reagan Tampico
25%
George H.W. Bush Milton
20%
Andrew Johnson Raleigh
20%
Woodrow Wilson Staunton
20%
Lyndon B. Johnson Stonewall
20%
Martin Van Buren Kinderhook
15%
Harry S. Truman Lamar
15%
John Tyler Charles City County
10%
William Henry Harrison Charles City County
10%
Abraham Lincoln Hodgenville
10%
Benjamin Harrison North Bend
10%
Calvin Coolidge Plymouth
10%
Zachary Taylor Barboursville
5%
Warren G. Harding Blooming Grove
5%
Grover Cleveland Caldwell
5%
Grover Cleveland Caldwell
5%
James Buchanan Cove Gap
5%
Dwight D. Eisenhower Denison
5%
Chester A. Arthur Fairfield
5%
Theodore Roosevelt Gramercy Park
5%
Franklin Pierce Hillsborough
5%
James Monroe Monroe Hall
5%
James A. Garfield Moreland Hills
5%
William McKinley Niles
5%
James K. Polk Pineville
5%
Ulysses S. Grant Point Pleasant
5%
George Washington Popes Creek
5%
James Madison Port Conway
5%
Thomas Jefferson Shadwell
5%
Millard Fillmore Summerhill
5%
Andrew Jackson Waxhaws
5%
Herbert Hoover West Branch
5%
No matching quizzes found
Score Distribution
Percent of People with Each Score
Percentile by Number Answered
Your Score History
You have not taken this quiz